[Event "HUN-chT 2017-18"]
[Site "Budapest"]
[Date "2018.05.06"]
[Round "9"]
[White "Csonka, Balazs"]
[Black "Sedlak, Nikola"]
[Result "1/2-1/2"]
[WhiteElo "2449"]
[BlackElo "2609"]
[Annotator "TA"]
[PlyCount "75"]
[EventDate "2018.??.??"]
[EventType "team-tourn"]
[EventCountry "HUN"]
[SourceTitle "playchess.com"]
[Source "ChessBase"]
[SourceQuality "1"]
[WhiteTeam "Hungary"]
[BlackTeam "Hungary"]
[WhiteTeamCountry "HUN"]
[BlackTeamCountry "HUN"]

{[%evp 9,75,6,16,-12,-23,-20,13,14,0,0,6,0,0,-47,-29,-93,-71,-71,21,-52,16,28,11,21,11,0,0,-14,-14,-14,-14,-14,-17,-14,-11,-52,-55,-46,-38,-39,-25,-29,0,0,0,0,0,0,0,0,0,0,0,0,0,0,30,10,19,8,47,0,34,33,41,8,26,3]} 1. Nf3 d5 2. d4 Bf5 3. c4 e6 4. Nc3 Bb4 (4... Nf6 5. Bg5 c6 6. e3 Nbd7 7. Bd3 Bxd3 8. Qxd3 Be7 9. O-O O-O 10. Rfd1 Rc8 11. Rac1 h6 12. Bxf6 Nxf6 13. c5 Qc7 14. b4 Nd7 15. Ne2 b6 16. Qa6 Nb8 17. Qa4 Nd7 {½-½ (56) Kramnik,V (2800)-Nepomniachtchi,I (2751) Moscow 2018}) 5. g3 dxc4 6. Qa4+ {D06: Queen's Gambit: Symmetrical and Baltic Defences} Nc6 7. Bg2 $1 Be4 8. O-O {The position is equal.} Bxc3 $1 9. bxc3 Qd5 10. Bf4 Nge7 $146 ({Predecessor:} 10... Rc8 11. Rab1 Bxb1 12. Nd2 {0-1 (52) Flores de Paco,D (2082)-Luna Cortes,L (2159) Catalunya 2012}) 11. Bxc7 O-O 12. Ne1 (12. Qa3 $11 {remains equal.}) 12... b5 $17 13. Qa6 Rfc8 (13... Bxg2 $17 14. Nxg2 b4) 14. Bf4 (14. f3 $11 Rxc7 15. fxe4) 14... b4 (14... Bxg2 $15 15. Nxg2 b4) 15. f3 $11 Bg6 16. e4 Qd8 17. Nc2 bxc3 {[%cal Bb4c3,Bc3c2][%mdl 32]} 18. Rfd1 {[#]} Nd5 $1 $36 {[%mdl 2560] Black has good play.} 19. exd5 Bxc2 20. dxc6 Bxd1 21. Rxd1 c2 22. Rf1 Qxd4+ 23. Kh1 Qc5 24. Qa4 c3 25. Bc1 Rab8 26. f4 Rb2 27. Be4 f5 28. Bxb2 cxb2 29. Qxc2 Qxc2 30. Bxc2 Rxc6 {[%mdl 4096] Endgame KRB-KR} 31. Bb1 Rc1 32. Kg2 h6 33. Kf2 g5 34. Re1 Kf7 35. Bd3 Rc3 36. Ke2 {[#] Black must now prevent Rb1.} Ra3 37. Kd2 {aiming for fxg5.} Rxa2 38. Kc2 {Precision: White = 49%, Black = 48%.} 1/2-1/2

[Event "HUN-chT 2017-18"]
[Site "Budapest"]
[Date "2018.05.06"]
[Round "9"]
[White "Lizak, Peter"]
[Black "Tatar Kis, Szabolcs"]
[Result "1/2-1/2"]
[WhiteElo "2442"]
[BlackElo "2372"]
[Annotator "TA"]
[PlyCount "47"]
[EventDate "2018.??.??"]
[EventType "team-tourn"]
[EventCountry "HUN"]
[SourceTitle "playchess.com"]
[Source "ChessBase"]
[SourceQuality "1"]
[WhiteTeam "Hungary"]
[BlackTeam "Hungary"]
[WhiteTeamCountry "HUN"]
[BlackTeamCountry "HUN"]

{[%evp 11,47,-3,10,13,34,14,14,4,8,0,10,2,2,0,4,0,0,0,6,4,13,15,17,4,5,6,6,0,0,0,0,0,0,0,0,0,0,0]} 1. d4 Nf6 2. Nc3 d5 3. Bf4 g6 4. e3 Bg7 5. h4 c6 (5... h5 6. Nf3 Bg4 7. Be2 Bxf3 8. Bxf3 c6 9. Qd2 Nbd7 10. O-O-O b5 11. Kb1 {½-½ (34) Aronian,L (2797)-Vachier Lagrave,M (2793) Caleta 2018}) 6. Be2 {D00: 1 d4 d5: Unusual lines} h6 {LiveBook: 11 Games} 7. Qd2 Nbd7 8. Nf3 $146 {White is slightly better.} ({Predecessor:} 8. g4 b5 9. a3 Nb6 10. Be5 a5 11. f3 {½-½ (40) Huschenbeth,N (2585)-Kollars,D (2510) Apolda 2017}) 8... Ne4 {The position is equal.} 9. Nxe4 dxe4 10. Ne5 Nxe5 11. Bxe5 Bxe5 12. dxe5 Qxd2+ 13. Kxd2 Be6 14. Kc3 O-O-O 15. Rad1 f5 16. exf6 exf6 17. b4 Kc7 18. a3 b6 19. Bc4 Bg4 20. Rxd8 Rxd8 21. Bf7 Bh5 22. Rg1 {[#] aiming for g4.} f5 23. Rf1 Rd7 24. Bc4 {Precision: White = 64%, Black = 59%.} 1/2-1/2

[Event "HUN-chT 2017-18"]
[Site "Budapest"]
[Date "2018.05.06"]
[Round "9"]
[White "Cabarkapa, Novak"]
[Black "Szabo, Krisztian"]
[Result "1/2-1/2"]
[WhiteElo "2438"]
[BlackElo "2498"]
[Annotator "TA"]
[PlyCount "23"]
[EventDate "2018.??.??"]
[EventType "team-tourn"]
[EventCountry "HUN"]
[SourceTitle "playchess.com"]
[Source "ChessBase"]
[SourceQuality "1"]
[WhiteTeam "Hungary"]
[BlackTeam "Hungary"]
[WhiteTeamCountry "HUN"]
[BlackTeamCountry "HUN"]

{[%evp 16,23,18,14,10,13,22,20,12,0]} 1. b3 Nf6 2. Bb2 g6 3. e4 d6 4. g3 Bg7 5. Bg2 O-O 6. d4 {A01: Nimzowitsch-Larsen Opening} e5 (6... c5 7. dxc5 Qa5+ 8. Qd2 Qxc5 9. c4 Nc6 10. Nc3 Qd4 11. Qxd4 Nxd4 12. O-O-O Ne6 13. h3 Nc5 {½-½ (95) Nakamura,H (2793)-Caruana,F (2787) Saint Louis 2015}) 7. dxe5 Nfd7 8. Nc3 dxe5 9. Nf3 {LiveBook: 8 Games. The position is equal.} a5 $146 ({Predecessor:} 9... Na6 10. Qe2 c6 11. O-O Re8 12. Rfd1 Qc7 13. a4 Ndc5 {0-1 (33) Todorov,T (2493)-Terrieux,K (2423) France 2010}) 10. h4 Nc6 11. Nb5 Na7 12. Nxa7 1/2-1/2

[Event "HUN-chT 2017-18"]
[Site "Budapest"]
[Date "2018.05.06"]
[Round "9"]
[White "Hujbert, Florian"]
[Black "Hera, Imre Jr"]
[Result "1/2-1/2"]
[WhiteElo "2425"]
[BlackElo "2620"]
[Annotator "TA"]
[PlyCount "114"]
[EventDate "2018.??.??"]
[EventType "team-tourn"]
[EventCountry "HUN"]
[SourceTitle "playchess.com"]
[Source "ChessBase"]
[SourceQuality "1"]
[WhiteTeam "Hungary"]
[BlackTeam "Hungary"]
[WhiteTeamCountry "HUN"]
[BlackTeamCountry "HUN"]

{[%evp 9,114,8,0,12,25,0,48,33,34,30,31,14,44,19,4,0,0,-53,-53,-52,-39,-66,-59,-63,-48,-72,-46,-62,-70,-75,-64,-80,-17,-40,-19,0,0,-54,-41,-70,41,44,91,85,95,80,69,88,83,0,19,-23,-18,-58,-59,-52,-35,-43,-16,-15,0,0,0,0,0,0,5,3,24,24,24,33,33,0,0,0,0,-8,0,0,0,0,0,0,0,0,0,0,0,0,0,0,0,0,0,0,0,0,0,0,0,0,0,0,0,-8,-8]} 1. Nf3 c5 2. b3 d6 3. e3 e5 4. Bb5+ Nd7 5. O-O a6 6. Bxd7+ $146 {A04: Unusual lines after 1 Nf3 and King's Indian Attack} ({Predecessor:} 6. Be2 Ngf6 7. c4 d5 8. d4 exd4 9. exd4 Be7 10. Nc3 cxd4 11. Qxd4 dxc4 12. Bxc4 {½-½ (59) Kramnik,V (2810)-Gelfand,B (2740) Zuerich 2013}) 6... Bxd7 7. d4 f6 8. Nc3 {White is slightly better.} Ne7 9. dxe5 dxe5 10. Qe2 Qa5 11. Bd2 Qc7 12. a4 Be6 13. e4 (13. Rfd1 $11) 13... Rd8 $15 14. Rad1 Nc6 $1 15. Nd5 Bxd5 16. exd5 Rxd5 17. Bc3 Qf7 18. Rxd5 Qxd5 19. Rd1 Qe6 20. Nh4 {[#]} g6 ({Black should try} 20... Be7 $1 $17) 21. f4 $1 $11 {Black should prevent f5!} Bg7 22. f5 $36 {[%mdl 2048] White is more active.} Qf7 23. Rd6 (23. Bb2 $1 $11) 23... g5 24. Re6+ Ne7 (24... Kd8 $1 $15 25. Nf3 Qd7) 25. Qc4 $14 gxh4 26. Qxc5 {[%cal Rc5c8] [#]} O-O 27. Rxe7 Qh5 {And now ...Qd1+ would win.} 28. Qd5+ Kh8 29. Qf3 ({White should play} 29. Qd7 $16 Bh6 30. Rxh7+ Kg8 31. Qg7+ Bxg7 32. Rxh5) 29... Qg5 30. Rd7 Qc1+ 31. Rd1 Qxc2 {aiming for ...e4.} 32. Be1 e4 33. Qg4 Qxb3 34. Rd7 {[%csl Gd7][%cal Rg4g7]} Rg8 35. Qxe4 ({Much worse is} 35. Qxh4 Qxa4 36. Rxb7 Qc6 $17) 35... b5 36. axb5 ({Reject} 36. Qxh4 bxa4 37. Qb4 Qe3+ 38. Bf2 Qc1+ 39. Qe1 Qc2 $17) 36... Qxb5 37. Rd5 Qc6 38. Bxh4 a5 39. Qe6 Qc1+ 40. Qe1 Qb2 41. Rd2 (41. Rxa5 {is interesting.} Bh6 42. Bf2 Bd2 43. Qa1 Qxa1+ 44. Rxa1 Rg5 45. Ra2) 41... Qb6+ {The position is equal.} 42. Bf2 Qb5 43. Bd4 Qxf5 44. Rf2 Qd5 45. Qc3 Rf8 46. Qa1 Kg8 47. h3 Rf7 48. Bc3 f5 49. Bxg7 Rxg7 $11 {[%mdl 4096] Endgame KQR-KQR} 50. Qc3 {Strongly threatening Qc8+.} h6 51. Qc8+ Kh7 52. Qxf5+ Qxf5 53. Rxf5 {KR-KR} Ra7 54. Rf3 a4 {...a3 is the strong threat.} 55. Ra3 Kg6 56. Kf2 Kg5 57. g3 Kf5 {Precision: White = 63%, Black = 52%.} 1/2-1/2

[Event "HUN-chT 2017-18"]
[Site "Budapest"]
[Date "2018.05.06"]
[Round "9"]
[White "Izsak, Gyula"]
[Black "Babula, Vlastimil"]
[Result "1/2-1/2"]
[WhiteElo "2424"]
[BlackElo "2556"]
[Annotator "TA"]
[PlyCount "216"]
[EventDate "2018.??.??"]
[EventType "team-tourn"]
[EventCountry "HUN"]
[SourceTitle "playchess.com"]
[Source "ChessBase"]
[SourceQuality "1"]
[WhiteTeam "Hungary"]
[BlackTeam "Hungary"]
[WhiteTeamCountry "HUN"]
[BlackTeamCountry "HUN"]

{[%evp 23,216,-20,-19,-29,-31,-41,-38,-47,-52,-39,-47,-41,-33,-51,-23,-34,-48,-49,-37,-32,-35,-107,-109,-100,-107,-92,-93,-167,-131,-173,-166,-212,-212,-215,-237,-208,-210,-232,-214,-229,0,-242,0,-222,-196,-257,-262,-256,-249,-299,-209,-364,-300,-398,0,-514,-365,-330,-78,-78,-78,-78,-78,-95,-83,-83,-83,-79,-78,-82,-81,-91,-81,-93,-74,-70,-68,-70,-75,-75,-75,-76,-74,-81,-79,-83,-73,-76,-76,-86,-49,-49,-39,-49,-49,-50,-26,-93,-26,-26,-26,-26,0,0,0,0,0,0,0,0,0,0,0,0,0,0,0,0,0,0,0,0,0,0,0,0,0,0,0,-68,0,0,0,0,0,0,0,0,0,0,0,0,0,0,0,0,0,0,0,0,0,0,0,0,0,0,0,0,0,0,0,0,0,0,0,0,0,0,0,0,0,0,0,0,0,-68,-68,-68,0,0,0,0,0,0,0,0,0,0,0,0,0,0,0,0,0]} 1. Nf3 Nf6 2. d4 e6 3. c4 b6 4. Nc3 Bb7 5. e3 d5 6. Bd3 Be7 7. O-O O-O 8. b3 dxc4 9. Bxc4 a6 10. Bb2 b5 11. Bd3 Nbd7 12. Rc1 c5 {LiveBook: 6 Games} 13. a4 {D48: Semi-Slav: Meran System: 7...b5 8 Bd3 a6} cxd4 14. Nxd4 Nc5 15. Be2 {Black is slightly better.} b4 16. Nb1 $1 Rc8 17. Nd2 {[#]} Nd5 $146 ({Predecessor:} 17... Nfe4 18. Nxe4 Nxe4 19. Bf3 Rxc1 20. Qxc1 Qa8 {½-½ (34) Tomashevsky,E (2758)-Ghaem Maghami,E (2596) Berlin 2015}) 18. Nc4 Ne4 19. Bf3 Ndc3 $36 {[%mdl 2048] Black is pushing.} 20. Qc2 {[%cal Rb2c3]} Bd5 21. Bxc3 Bxc4 22. bxc4 (22. Bb2 $15 Bd5 23. Qd3 Rxc1 24. Rxc1) 22... Nxc3 $17 23. Bb7 Rxc4 {White must now prevent ...Qc7.} 24. Bxa6 Rc7 25. Qb3 (25. Be2 $17) 25... Qa8 26. Bb5 Rfc8 27. Ra1 Qa5 28. Rfe1 Bf6 29. Bf1 Rd8 30. Nc2 Nd5 31. Nd4 Nc3 32. Nc2 $1 Nd5 33. Nd4 Rc3 34. Qb1 (34. Qb2 $142) 34... Bxd4 $19 35. exd4 g6 36. g3 b3 37. Qb2 $2 (37. Re2 {is the only way for White.}) 37... Rdc8 38. Reb1 {[#]} Nb6 $2 ({Better is} 38... Ne3 $1 $19 {[%mdl 512]} 39. d5 (39. fxe3 $2 Rc2 $19) 39... Nxd5) 39. Bb5 $2 {[%mdl 8192]} (39. Qa3 $11) 39... Qb4 40. Ra3 {[#]} Nd5 $2 ({Weaker is} 40... Qxd4 41. Rxb3 Nd5 42. Ra1 $15) (40... Rc1+ $1 $19 {[%mdl 512] is more deadly.} 41. Rxc1 Rxc1+ 42. Qxc1 b2) 41. Bf1 $17 {[%cal Bb5f1,Bf1g2,Bg2e4][%mdl 32]} Qxd4 42. Rxb3 Qxa4 43. Rb8 {Hoping for Qxc3!} Qa7 44. Bg2 Ne7 45. Qxc3 Rxb8 46. Rxb8+ Qxb8 47. Be4 Qd6 48. Kg2 e5 (48... Nd5 {seems wilder.} 49. Qb2 h5 50. Bf3 Qc5 51. Qb8+ Kg7) 49. Kg1 Qe6 50. Qc5 Kg7 51. Qc7 Ng8 52. Bd3 Qe7 53. Qc6 Nf6 54. Bc4 h5 55. Be2 Qb4 {...Qe1+ is the strong threat.} 56. Kg2 Qe4+ (56... e4 {looks sharper.} 57. Qc2 Qd4 58. Qc4 Qd2 59. h4 Qb2) 57. Qxe4 Nxe4 $15 {[%mdl 4096] Endgame KB-KN} 58. h4 Nd2 59. f3 f5 60. Kf2 {[#]} (60. f4 $1 $11) 60... Kf6 (60... f4 $1 $17 61. Ba6 Nb3 62. gxf4 exf4) 61. Ke3 $11 Nb3 62. f4 e4 63. Bc4 Nc5 64. Kd4 Ne6+ 65. Ke3 Ke7 66. Bb5 Nc7 67. Bc4 Ne8 68. Bb3 Nd6 69. Kd4 Kd8 70. Bd1 Kc7 71. Be2 Kb6 72. Bd1 Ka5 73. Kc5 Nb5 74. Kc4 $1 Kb6 75. Be2 Kc6 76. Bd1 (76. Bf1 $1 $11) 76... Nc7 (76... Na3+ $1 $15 77. Kb4 Nb1) 77. Ba4+ Kd6 78. Kd4 Ne6+ 79. Ke3 Ke7 80. Bb3 Ng7 81. Kd4 Ne8 82. Bc4 Nf6 83. Ke3 Ng4+ 84. Ke2 Nh6 85. Ke3 Kd6 86. Kd4 Kc6 87. Be2 Ng4 88. Bc4 Nh6 89. Be2 Nf7 90. Bc4 Nd6 91. Be2 Nb5+ 92. Kc4 $1 Na3+ 93. Kd4 $1 Kd6 94. Ba6 Nc2+ 95. Kc3 Ne3 96. Kd4 Nd1 97. Bf1 Nf2 98. Bg2 Kc6 99. Ke3 ({White should try} 99. Bf1 $11) 99... Ng4+ $1 $15 100. Kd4 Kb5 (100... Nh2 $1 $15) 101. Bf1+ $11 {The position is equal.} Kb4 102. Bc4 $1 {[%cal Rc4f7] Strongly threatening Bf7.} e3 103. Be2 Kb3 104. Kd3 $1 Kb4 105. Bf3 Kc5 106. Be2 Kd5 107. Bf3+ Kc5 108. Be2 Kd5 {Precision: White = 67%, Black = 64%.} 1/2-1/2

[Event "HUN-chT 2017-18"]
[Site "Budapest"]
[Date "2018.05.06"]
[Round "9"]
[White "Drazic, Sinisa"]
[Black "Flumbort, Andras"]
[Result "0-1"]
[WhiteElo "2422"]
[BlackElo "2431"]
[Annotator "TA"]
[PlyCount "130"]
[EventDate "2018.??.??"]
[EventType "team-tourn"]
[EventCountry "HUN"]
[SourceTitle "playchess.com"]
[Source "ChessBase"]
[SourceQuality "1"]
[WhiteTeam "Hungary"]
[BlackTeam "Hungary"]
[WhiteTeamCountry "HUN"]
[BlackTeamCountry "HUN"]

{[%evp 24,130,20,10,32,0,-3,0,0,0,0,-20,-18,-15,-13,-13,-25,-13,-33,-18,-10,-14,-26,-17,-25,-25,-18,-21,-22,-20,-5,-12,-8,-19,-8,-32,-15,-19,-18,-43,-43,-53,-45,-43,-8,-93,-93,-83,-73,-63,-11,-19,-6,-58,-48,-113,0,-50,-32,-37,-37,-29,-32,-31,-34,-45,-37,-68,-68,-88,-70,-62,-26,-27,-22,-23,-27,-26,-23,-31,0,-73,-75,-72,-70,-106,-102,-91,-80,-83,-103,-115,-115,-416,-416,-355,-416,-410,-385,-1984,-1880,-29982,-29983,-29984,-29984,-29984,-29985,-29985,-29986]} 1. Nf3 c5 2. c4 Nc6 3. d4 cxd4 4. Nxd4 Nf6 5. Nc3 e6 6. a3 Bc5 7. Nb3 Be7 8. e4 d6 {A33: Symmetrical English: 2 Nf3 Nf6 3 d4 cxd4 4 Nxd4 e6 5 Nc3 Nc6} 9. Be2 b6 10. Bf4 O-O 11. O-O Ba6 12. Re1 Ne5 13. Nd2 {LiveBook: 4 Games} Qd7 14. Bf1 {[#]} Rac8 $146 {[%cal Re5c4]} ({Predecessor:} 14... Rfc8 15. b3 Rd8 16. Bg3 Rac8 17. Kh1 Ng6 18. a4 d5 19. exd5 exd5 20. Nxd5 Nxd5 21. cxd5 Bxf1 22. Rxf1 Qxd5 23. Nc4 Qf5 {½-½ (23) Bacrot,E (2705)-Flumbort,A (2516) Germany 2007}) 15. b3 Rfd8 16. Bg3 Ng6 17. Rc1 d5 18. exd5 exd5 19. Nxd5 Nxd5 20. cxd5 Rxc1 21. Qxc1 Bxf1 22. Nxf1 Qxd5 23. b4 h5 24. h3 Bg5 25. Qc7 h4 26. Bh2 Qd7 $40 {[%mdl 128] Black mounts an attack.} 27. Qc4 Rc8 28. Qe4 a5 29. Kh1 axb4 30. axb4 b5 31. f4 Bf6 32. f5 Ne7 {[%cal Bg6e7,Be7d5,Bd5e3][%mdl 32]} 33. Ne3 Qd4 34. Qb1 (34. Ng4 $1 $11 Qxe4 35. Nxf6+ gxf6 36. Rxe4 Nxf5 37. Rf4 Ng3+ 38. Bxg3 hxg3 39. Rg4+ Kh8 40. Rxg3) 34... Nd5 $17 35. Bg1 Nxe3 ({Don't go for} 35... Nxb4 $2 36. Nc2 $18) 36. Bxe3 Qd6 (36... Qd5 $15) 37. Bc5 Qd5 38. Rd1 (38. Qe4 $11 Qd2 39. Re2 Qc1+ 40. Re1) 38... Qc4 $15 39. Rc1 (39. Kg1 $15) 39... Qd5 (39... Bc3 $1 $17 40. Be7 f6) 40. Re1 Ra8 {White must now prevent ...Ra1.} 41. Qe4 Qxe4 42. Rxe4 {[%mdl 4096] Endgame KRB-KRB} Ra1+ 43. Kh2 Rf1 44. Bd4 Bg5 {Hoping for ...Bf4+.} 45. f6 gxf6 46. g3 hxg3+ 47. Kxg3 Kh7 48. Re7 Rd1 49. Bc5 Kg6 50. Rb7 f5 {[%cal Bf6f5,Bf5f4,Bf4f3][%mdl 32]} 51. Rxb5 f4+ 52. Kg4 (52. Kf3 $11) 52... f5+ $17 53. Kf3 Rd3+ 54. Kg2 Bh4 {aiming for ...f3+.} 55. Rb6+ Kh5 {( -> ...f3+)} 56. Rd6 f3+ 57. Kh2 Rb3 58. Rd2 $2 {[%mdl 8192]} (58. Rd5 $17 {is a better chance.}) 58... Bg5 $19 59. Rd1 {[#]} Bf4+ $1 60. Kg1 {[#]} Bg3 $1 61. Bd6 $2 (61. Rf1 Kh4 62. b5) 61... Kh4 62. Bxg3+ Kxg3 {Black mates.} 63. h4 Rb2 64. b5 Rg2+ 65. Kf1 Rh2 {Precision: White = 37%, Black = 69%.} 0-1

[Event "HUN-chT 2017-18"]
[Site "Budapest"]
[Date "2018.05.06"]
[Round "9"]
[White "Bakos, Balazs"]
[Black "Antal, Gergely"]
[Result "0-1"]
[WhiteElo "2420"]
[BlackElo "2531"]
[Annotator "TA"]
[PlyCount "94"]
[EventDate "2018.??.??"]
[EventType "team-tourn"]
[EventCountry "HUN"]
[SourceTitle "playchess.com"]
[Source "ChessBase"]
[SourceQuality "1"]
[WhiteTeam "Hungary"]
[BlackTeam "Hungary"]
[WhiteTeamCountry "HUN"]
[BlackTeamCountry "HUN"]

{[%evp 9,94,14,29,20,62,39,53,61,45,-7,0,-16,-16,-13,-23,-24,-14,-20,0,0,0,-12,-10,-10,-14,-11,-11,-21,-14,-27,-20,-18,-16,-20,-9,-106,-116,-126,-131,-112,-114,-129,-127,-133,-131,-157,-149,-252,-252,-235,-159,-175,-141,-222,-170,-189,-141,-203,-206,-354,-352,-341,-134,-360,-134,-366,-352,-353,-351,-347,-324,-480,-305,-433,-282,-574,-542,-1388,-1410,-1388,-1284,-1337,-1300,-2000,-1867,-5073,-2478]} 1. d4 f5 2. g3 Nf6 3. Bg2 e6 4. Nd2 d5 5. Nh3 c5 {LiveBook: 3 Games} (5... Bd6 6. O-O O-O 7. c4 c6 8. Nf3 Ne4 9. Qc2 Nd7 10. Nf4 Qf6 11. Nd3 g5 12. b3 f4 13. Bb2 Qf5 14. Nfe5 Nxe5 15. dxe5 Be7 {1-0 (33) Kunte,A (2515)-Lahiri,A (2361) Canberra 2010}) 6. c4 $146 {A81: Dutch Defence: 2 g3} ({Predecessor:} 6. c3 Nc6 7. Nf3 Be7 8. O-O O-O 9. Nf4 Ne4 10. Nd3 Bd7 11. Nfe5 c4 12. Nxc6 Bxc6 13. Ne5 {½-½ (35) Webb,L (2298)-Lindner,D (2218) Reading 2017}) 6... dxc4 7. dxc5 c3 8. bxc3 {White is slightly better.} Bxc5 9. Ba3 (9. Rb1 $14) 9... Nbd7 10. Qb3 Qe7 11. Bxb7 Bxb7 12. Qxb7 Rb8 13. Bxc5 Qxc5 14. Qa6 Rb6 (14... Qxc3 15. Qxe6+ Kd8 16. Rd1 $16) 15. Qc4 Qxc4 16. Nxc4 Rc6 $36 {[%mdl 2048] Black has the initiative.} 17. Ne3 Rxc3 18. O-O Ke7 19. Rfd1 Rhc8 20. Rab1 Nb6 21. Nf4 $1 Ne4 22. Rb5 {[#]} (22. Rb3 $11 {keeps the balance.}) 22... Rxe3 $1 $17 {[%mdl 512]} 23. fxe3 Nc3 $1 {[%csl LRa2,LRb5,LRd1]} 24. Rxb6 axb6 {[%cal Ba7b6,Bb6b5][%mdl 4128] Endgame KRN-KRN} 25. Rd2 Ra8 26. Rc2 Ra3 ({Much worse is} 26... Nxa2 $6 27. Rc7+ Kf6 28. Nh5+ Ke5 29. Rxg7 $11) 27. Rb2 b5 ({Of course not} 27... Nxa2 $6 28. Rxb6 Rxe3 29. Kf2 $11) 28. Rb3 (28. Rc2 $17) 28... Rxb3 $19 29. axb3 {KN-KN} e5 {[%cal Be6e5,Be5e4][%mdl 32]} 30. Nd3 e4 ({Reject} 30... Nxe2+ 31. Kf2 $11) 31. Nb4 (31. Ne1 $17) 31... Nxe2+ 32. Kf2 Nc3 33. Ke1 (33. Nc2 $17 {is a better defense.}) 33... Kd6 $1 34. Kd2 (34. h3 $142) 34... Nd5 35. Nc2 {[#]} g6 $2 (35... Kc5 $1 $19 36. Nd4 g6) 36. Ke2 $2 {[#]} (36. b4 $17) 36... Kc6 $2 (36... Kc5 $1 $19 {is more deadly.} 37. Kd2 Nf6) 37. Kd1 $2 (37. b4 $17) 37... Kc5 38. Kd2 Nf6 39. Ke2 Ng4 40. h3 (40. h4 $142) 40... Ne5 41. h4 (41. Kd2 $142) 41... Nd3 42. Nd4 $2 (42. Kd2) 42... Kb4 {Black is clearly winning.} 43. h5 Nc1+ 44. Kd1 Nxb3 45. Nc6+ Kc3 46. Ne7 gxh5 47. Nxf5 Kd3 {Precision: White = 26%, Black = 65%.} 0-1

[Event "HUN-chT 2017-18"]
[Site "Budapest"]
[Date "2018.05.06"]
[Round "9"]
[White "Krizsany, Laszlo"]
[Black "Petenyi, Tamas"]
[Result "1/2-1/2"]
[WhiteElo "2419"]
[BlackElo "2448"]
[Annotator "TA"]
[PlyCount "19"]
[EventDate "2018.??.??"]
[EventType "team-tourn"]
[EventCountry "HUN"]
[SourceTitle "playchess.com"]
[Source "ChessBase"]
[SourceQuality "1"]
[WhiteTeam "Hungary"]
[BlackTeam "Hungary"]
[WhiteTeamCountry "HUN"]
[BlackTeamCountry "HUN"]

{[%evp 12,19,61,33,57,49,38,47,71,64]} 1. d4 Nf6 2. c4 g6 3. Nc3 Bg7 4. e4 d6 5. Be2 c6 6. Bg5 O-O 7. Qd2 {LiveBook: 142 Games} Qc7 {E73: King's Indian: Averbakh Variation without 6...c5} (7... a6 8. e5 Ne8 9. Nf3 Bg4 10. Rd1 dxe5 11. dxe5 Qc7 12. O-O Bxf3 13. Bxf3 Bxe5 14. h4 Ng7 15. Rfe1 Ne6 16. Bxe7 Re8 17. Rxe5 Qxe5 18. Bd6 {½-½ (18) Potkin,V (2665)-Belous,V (2554) Moscow 2012}) 8. Rd1 $146 ({Predecessor:} 8. h4 e5 9. d5 a5 10. h5 Na6 11. h6 Bh8 12. f3 c5 13. g4 Ne8 14. Nb5 Qb6 15. Be7 {1-0 (89) Jelic,G (2203)-Kovacic,M (2150) Belgrade 2008}) 8... a6 9. Nf3 Bg4 10. h3 1/2-1/2

[Event "HUN-chT 2017-18"]
[Site "Budapest"]
[Date "2018.05.06"]
[Round "9"]
[White "Toth, Ervin"]
[Black "Polak, Tomas"]
[Result "1/2-1/2"]
[WhiteElo "2416"]
[BlackElo "2497"]
[Annotator "TA"]
[PlyCount "81"]
[EventDate "2018.??.??"]
[EventType "team-tourn"]
[EventCountry "HUN"]
[SourceTitle "playchess.com"]
[Source "ChessBase"]
[SourceQuality "1"]
[WhiteTeam "Hungary"]
[BlackTeam "Hungary"]
[WhiteTeamCountry "HUN"]
[BlackTeamCountry "HUN"]

{[%evp 25,81,0,0,0,0,2,64,72,77,83,91,85,94,84,72,83,71,86,175,164,204,131,150,81,145,157,149,149,151,146,143,142,178,89,101,55,81,17,46,8,8,3,104,104,105,92,98,93,102,97,97,83,85,85,94,89,90,4]} 1. d4 Nf6 2. c4 c5 3. d5 b5 4. cxb5 a6 5. bxa6 g6 6. Nc3 Bxa6 7. Nf3 d6 8. g3 Bg7 9. Bg2 Nbd7 10. O-O Nb6 11. Re1 O-O 12. Rb1 {A58: Benko/Volga Gambit: Lines with 5 bxa6} (12. Nd2 Bb7 13. Nf1 Nfd7 14. Ne3 Ra6 15. Qd2 Qa8 16. b3 Bd4 17. Nc2 Bg7 18. Ne3 Bd4 19. Nc2 Bg7 20. Ne3 {½-½ (20) Andreikin,D (2715)-Svidler,P (2749) Moscow 2012}) 12... Bc4 13. e4 Bxa2 {LiveBook: 12 Games} 14. Nxa2 {The position is equal.} Rxa2 15. b4 {Black must now prevent bxc5.} Nfd7 (15... Nbd7 $11) 16. Qb3 $146 ({Predecessor:} 16. e5 cxb4 17. exd6 exd6 18. Bg5 Qc7 19. Nd4 Qc5 {0-1 (40) Szuper,P (2174)-Sharapov,E (2468) Krakow 2010}) 16... Ra4 17. bxc5 dxc5 18. Qb5 Bc3 19. Bd2 Bxd2 20. Nxd2 Qc7 21. e5 {[#] e6 is the strong threat.} Ra2 (21... Rb4 $16 {was necessary.} 22. Rxb4 cxb4) 22. Nf3 $36 {[%mdl 2048] Strongly threatening e6. Keeping Black busy.} Nc8 {[%cal Bb6c8,Bc8e7,Be7f5,Bf5d4][%mdl 32]} ({Don't go for} 22... Nxd5 $2 23. Qc4 $18) 23. Qc4 Qa7 24. Qf4 ({White should play} 24. Bh3 Ncb6 25. Qh4) 24... f6 ({Black should try} 24... Kg7) 25. d6 $16 {And now dxe7 would win.} fxe5 {[#]} 26. Qc4+ $1 Kh8 27. dxe7 Nxe7 28. Rbd1 Nf6 29. Rxe5 (29. Nxe5 $18 Nf5 30. Nd3) 29... Nf5 30. h3 Nd4 $1 31. Nxd4 (31. Ree1 $16) 31... cxd4 $11 32. Qxd4 (32. Rf1 {seems wilder.} Ra4 33. Qb5 Qa6 34. Qc5 Qc8 35. Qd6) 32... Qxd4 33. Rxd4 {next Rf4 is good for White.} Ra7 (33... Rxf2 $11 34. Kxf2 Ng4+ 35. Ke2 Nxe5) 34. Rd2 {White is better.} Kg7 35. Kh2 Re8 36. Rb5 Ree7 37. Rb4 Rad7 38. Rbb2 Rxd2 39. Rxd2 Rc7 40. Re2 g5 41. f4 {Precision: White = 48%, Black = 54%.} (41. Re5 $16) 1/2-1/2